000 00959aam a2200277 i 4500
001 69280
003 Mx-PuUPA
005 20220302080955.0
008 201103s2019 mx ad||gry||| 001 0 spa d
020 _a9786078195237
040 _aMx-PuUPA
_bspa
_cMx-PuUPA
_dMx-PuUPA
_erda
041 0 _aspa
110 2 _aCentro de Datos Mundiales.
245 1 0 _aAnuario México 2019 conoce a tu país :
_bsus fortalezas y debilidades /
_cCentro de Datos Mundiales
250 _aPrimera edición
264 1 _a[Puebla, México] ;
_bEditorial Perfiles 23,
_c[2019?]
300 _a157 páginas :
_bilustraciones, gráficas ;
_c27 cm
336 _2rdacontent
_atexto
_btxt
337 _2rdamedia
_asin medio
_bn
338 _2rdacarrier
_avolumen
_bnc
650 4 _aAnuarios
942 _2ddc
_cLI
_h036.106
_iA636
999 _c69280
_d69280